000 00623nam a2200205Ii 4500
003 JO-AjNU
008 230605s9999||||xx |||||||||||||| ||und||
017 _a1984/644
040 _aJO-AjNU
_bara
_erda
_cJO-AjNU
041 _aara
050 1 4 _aHM63.A7.M3234 1984
100 3 _aعمر، معن خليل,
_eauthor
_957301
245 0 0 _aنحو علم اجتماع عربي
264 3 1 _aبغداد: دار الحرية للطباعة، 1984
300 _a326ص
336 _atext
_btxt
_2rdacontent
337 _aunmediated
_bn
_2rdamedia
338 _avolume
_bnc
_2rdacarrier
650 4 _aاجتماع - علم
_957302
999 _aA25668
_c29236
_d29236